| 000 | 00674cab a2200229 4500 | ||
|---|---|---|---|
| 001 | WB3409-37 | ||
| 008 | 090401t1998 xxu||||| |||| 00| 0 eng d | ||
| 035 | _a(Sirsi) u84697 | ||
| 041 | _aeng | ||
| 245 | _aLegal aid reforms | ||
| 260 | _c1998 | ||
| 350 | _a0 | ||
| 490 |
_aFinancial Times _v5 March 1998, 9(1) |
||
| 520 | _aIn its green paper "Access to justice with conditional fees", Government has admitted that it was acting too quickly to introduce far reaching changes to the legal aid system. | ||
| 650 | _aCONDITIONAL FEES | ||
| 650 | _aLEGAL AID | ||
| 650 | _aLEGAL SYSTEM | ||
| 650 | _aREFORM | ||
| 690 | _aLAW | ||
| 942 | _n0 | ||
| 948 | _c05/03/1998 | ||
| 999 |
_c53259 _d53259 |
||